000 01516nam a2200373 i 4500
003 DO-SdBNP
005 20260305133813.0
007 ta
008 251015b2024 dr ac||| |||| 00| 0 spa d
020 _a9789945451054
040 _aDO-SdBNP
_bspa
_cBNPHU
_erda
041 _aspa
082 4 _axxx
_bxxx
_222
245 0 0 _aAportes de los cocolos a la identidad nacional dominicana /
_cFrank Moya Pons, José del Castillo Pichardo, Orlando Inoa, Reina Rosario, Rafael Jarvis, Patrick Bryan, José Guerrero ; selección de texto y de la edición, Avelino Stanley
250 _aPrimera edición
264 4 _aSanto Domingo :
_bMinisterio de Relaciones Exteriores de la República Dominicana,
_c©2024.
300 _a304 páginas :
_bilustraciones, retratos ;
_c31 cm.
336 _atexto
_btxt
_2rdacontent
337 _asin mediación
_bn
_2rdamedia
338 _avolumen
_bnc
_2rdacarrier
500 _aIncluye referencias bibliográficas y notas al pie de las páginas
504 _aBibliografía : páginas 303-304
590 _aInventariado, 2025/BT
600 1 0 _aMoya Pons, Frank,
_d1944-
_92095
700 1 _aDel Castillo, José,
_eautor
_4aut.
_955950
700 1 _aInoa, Orlando,
_eautor
_4aut.
_95784
700 1 _aRosario, Reina,
_eautor
_4aut.
_988699
700 1 _eJarvis, Rafael,
_aautor
_4aut.
_986687
700 1 _aBryan, Patrick,
_eautor
_4aut.
_975802
700 1 _aGuerrero, José,
_eautor
_4aut.
_961941
700 1 _aStanley, Avelino,
_eeditor
_4ed.
_981556
910 _aBtavárez
942 _2ddc
_cLBS1
999 _c59951
_d59951